<?xml version="1.0" encoding="UTF-8"?>
<record
    xmlns:xsi="http://www.w3.org/2001/XMLSchema-instance"
    xsi:schemaLocation="http://www.loc.gov/MARC21/slim http://www.loc.gov/standards/marcxml/schema/MARC21slim.xsd"
    xmlns="http://www.loc.gov/MARC21/slim">

  <leader>01465    a2200169   4500</leader>
  <datafield tag="999" ind1=" " ind2=" ">
    <subfield code="c">26114</subfield>
    <subfield code="d">26114</subfield>
  </datafield>
  <datafield tag="020" ind1=" " ind2=" ">
    <subfield code="a">9781108494427</subfield>
  </datafield>
  <datafield tag="082" ind1=" " ind2=" ">
    <subfield code="a">307.2408995</subfield>
    <subfield code="b">KIK-L</subfield>
  </datafield>
  <datafield tag="100" ind1=" " ind2=" ">
    <subfield code="a">Kikon, Dolly</subfield>
  </datafield>
  <datafield tag="100" ind1=" " ind2=" ">
    <subfield code="a">Karlsson, B. G.</subfield>
  </datafield>
  <datafield tag="245" ind1=" " ind2=" ">
    <subfield code="a">Leaving the land</subfield>
    <subfield code="b">: indigenous migration and affective labour in India </subfield>
  </datafield>
  <datafield tag="260" ind1=" " ind2=" ">
    <subfield code="b">Cambridge University Press</subfield>
    <subfield code="c">2019</subfield>
    <subfield code="a">New York</subfield>
  </datafield>
  <datafield tag="300" ind1=" " ind2=" ">
    <subfield code="a">xi, 155p.</subfield>
  </datafield>
  <datafield tag="504" ind1=" " ind2=" ">
    <subfield code="a">Include Reference and Index
</subfield>
  </datafield>
  <datafield tag="520" ind1=" " ind2=" ">
    <subfield code="a">During the last decade, indigenous youth from Northeast India have migrated in large numbers to the main cities of metropolitan India to find work and study. This migration is facilitated by new work opportunities in the hospitality sector, mainly as service personnel in luxury hotels, shopping malls, restaurants and airlines. Prolonged armed conflicts, militarization, a stagnant economy, corrupt and ineffective governance structures, and the harsh conditions of subsistence agriculture in their home villages or small towns impel the youth to seek future prospects outside their home region. English language skills, a general cosmopolitan outlook as well as a non-Indian physical appearance have proven to be key assets in securing work within the new hospitality industry. Leaving the Land traces the migratory journeys of these youths and engage with their new lives in cities like Bangalore, Mumbai, Hyderabad and Thiruvananthapuram.</subfield>
  </datafield>
  <datafield tag="650" ind1=" " ind2=" ">
    <subfield code="a">Social conditions</subfield>
    <subfield code="v">Indigenous youth</subfield>
    <subfield code="v">Rural-urban migration</subfield>
    <subfield code="z">India</subfield>
  </datafield>
  <datafield tag="942" ind1=" " ind2=" ">
    <subfield code="2">ddc</subfield>
    <subfield code="c">BK</subfield>
  </datafield>
  <datafield tag="952" ind1=" " ind2=" ">
    <subfield code="0">0</subfield>
    <subfield code="1">0</subfield>
    <subfield code="4">0</subfield>
    <subfield code="7">0</subfield>
    <subfield code="a">NASSDOC</subfield>
    <subfield code="b">NASSDOC</subfield>
    <subfield code="d">2020-06-29</subfield>
    <subfield code="e">OP</subfield>
    <subfield code="g">434.35</subfield>
    <subfield code="i">2020-06-11</subfield>
    <subfield code="l">0</subfield>
    <subfield code="o">307.2408995 KIK-L</subfield>
    <subfield code="p">50884</subfield>
    <subfield code="r">2020-07-13 00:00:00</subfield>
    <subfield code="v">595.00</subfield>
    <subfield code="w">2020-06-11</subfield>
    <subfield code="y">BK</subfield>
  </datafield>
</record>
